|
|
|
|
| LEADER |
00000nam a22000007a 4500 |
| 005 |
20130218163456.0 |
| 007 |
cr|||| |||| |
| 008 |
130218e2012 bl |||||s|||| 00| 0 por d |
| 020 |
|
|
|a 852250959X
|
| 035 |
|
|
|a 6834
|
| 040 |
|
|
|a vLex
|
| 090 |
|
|
|c 3674
|d 3674
|
| 100 |
1 |
0 |
|a Almeida, Rafael Alves de
|
| 245 |
1 |
0 |
|a Tribunal multiportas
|h [Recurso electrn̤ico]
|
| 256 |
|
|
|a Servicio en ln̕ea
|
| 260 |
|
|
|a Rio de Janeiro :
|b FGV - Direito Rio,
|c 2012
|
| 300 |
|
|
|a 1 Recurso electrn̤ico
|
| 650 |
0 |
4 |
|a Derecho procesal
|z Brasil
|
| 650 |
0 |
4 |
|a Organizacin̤ judicial
|z Brasil
|
| 700 |
1 |
0 |
|a Almeida, Tania
|
| 740 |
|
|
|a vLex Libros (Servicio en ln̕ea)
|
| 856 |
|
|
|a Acceso restringido
|u http://www.vlex.com/source/6834
|
| 942 |
|
|
|c BOOK
|
| 999 |
|
0 |
|a Procedure (Law)
|